000 01807nam a2200361 c 4500
999 _c327230
_d327230
003 BLK
005 20250730113445.0
008 180408b bul|||||r ||||||| ||bul||
010 _aKNG00056009000
020 _a978-954-492-233-7
040 _aBLK
041 _aBUL
_cBUL
080 _aФренска литература
_b821.133.1
_x-1
_z821.133.1-1
100 1 _aВерлен, Пол
_eпърви автор
_9250467
139 _aВерлен, Пол
_bВ 49
245 1 0 _aСтихотворения
_cПол Верлен; прев. Кирил Крумов Кадийски.
246 1 1 _aPoemes
257 _aFRA
260 _bНов Златорог
_c2018
_fСофия : Булгед
300 _a280 с.
_c20 см
380 _aX
500 _aВ кн. означено 4. прераб. и доп. изд. - Съдържа и Пейзажът на душата / Кирил Кадийски ; Пол Верлен / Стефан Цвайг ; Прев. от нем. Маргарита Дилова ; Видение в нощта ; Есенна песен ; Сън студен и зловещ... ; Пиеро ; Пол Верлен - живот в дати Изд. е публикувано в рамките на прогр. за участие в книгоизд. Витоша
650 4 _aФренска литература
_9277458
653 _aфренска литература
653 _aстихотворения
700 1 _aКадийски, Кирил Крумов
_eсъстав. и прев.
_9364061
720 _aPaul Verlaine ; Comp. , version bulg. Kiril Kadiiski
_eпаралелен автор
852 _bП
_cП 840-1/В 49
856 4 _qpdf
856 4 _qpdf
942 _cKNG
_n0
_045
944 _k30531
_lЦветелина Шанова